DESIGN AND OPERATION OF HEAT EXCHANGERS, PROCEDINGS OF THE EUROTHERM SEMINAR NO 18, FEB 27-MAR 1991 (Record no. 575056)

000 -LEADER
fixed length control field 00576nam a22001337a 4500
020 ## - INTERNATIONAL STANDARD BOOK NUMBER
International Standard Book Number 3-540-53771-6
082 ## - DEWEY DECIMAL CLASSIFICATION NUMBER
Classification number 621.4025 EUR'R
100 ## - MAIN ENTRY--PERSONAL NAME
Personal name HEGGS, P. J, ROELTZEL, W, BUTTERWORTH, D
9 (RLIN) 67233
245 ## - TITLE STATEMENT
Title DESIGN AND OPERATION OF HEAT EXCHANGERS, PROCEDINGS OF THE EUROTHERM SEMINAR NO 18, FEB 27-MAR 1991
260 ## - PUBLICATION, DISTRIBUTION, ETC.
Place of publication, distribution, etc. NEWYORK
Name of publisher, distributor, etc. SPRINGER VERLAG
Date of publication, distribution, etc. 1991
300 ## - PHYSICAL DESCRIPTION
Extent 439P
650 ## - SUBJECT ADDED ENTRY--TOPICAL TERM
Topical term or geographic name entry element GEN PROBLEM 3-39 SHELL AND TUBE HEAT EXCHANGERS 53-111 CROSS FLOW HEAT EXCHANGERS 125-210 PLATE HEAT EXCHABGERS 223-280 REGENERATION 295-305 MULTIPHASE SYSTEMS 317-420
9 (RLIN) 67234
942 ## - ADDED ENTRY ELEMENTS (KOHA)
Koha item type Book
Holdings
Withdrawn status Lost status Damaged status Not for loan Permanent Location Current Location Shelving location Date acquired Total Checkouts Full call number Barcode Date last seen Price effective from Koha item type
        College of Electrical & Mechanical Engineering (CEME) College of Electrical & Mechanical Engineering (CEME) General Stacks 08/01/2017   621.4025 EUR'R CEME-27535 06/28/2021 06/28/2021 Book
© 2023 Central Library, National University of Sciences and Technology. All Rights Reserved.